| 000 | 00661nam a2200217 u 4500 | ||
|---|---|---|---|
| 005 | 20240924071134.0 | ||
| 008 | 100426s2009 r 000 0 eng d | ||
| 020 | _a9788466784771 | ||
| 035 | _aUPN01000175512 | ||
| 049 | _aCG | ||
| 050 | 4 |
_aPQ6701 L6.5 _bP8.3 |
|
| 100 | 1 |
_aConejo, Ana Isabel, _d1970- _930638 |
|
| 245 | 1 | 3 |
_aLa puerta de caronte : _blibro sexto / _cAna Alonso y Javier Pelegrín. |
| 260 |
_aBarcelona, Esp. : _bAnaya, _c2009. |
||
| 300 | _a396 p. | ||
| 440 | 3 | _aLa llave del tiempo | |
| 650 | 0 |
_aNovela de fantasía _98197 |
|
| 650 | 4 |
_aLiteratura española _95069 |
|
| 700 | 1 |
_aPelegrín, Javier, _d1967- _ecoaut. _932302 |
|
| 905 | _aLibro | ||
| 999 |
_c147616 _d147616 |
||